Introduction to linear regression analysis
Αποθηκεύτηκε σε:
| Κύριος συγγραφέας: | |
|---|---|
| Άλλοι συγγραφείς: | |
| Μορφή: | Βιβλίο |
| Γλώσσα: | English |
| Δημοσίευση: |
New York :
Wiley,
c1982
|
| Σειρά: | Wiley series in probability and mathematical statistics. Applied probability and statistics
|
| Θέματα: | |
| Ετικέτες: |
Προσθήκη ετικέτας
Δεν υπάρχουν, Καταχωρήστε ετικέτα πρώτοι!
|
MARC
| LEADER | 00000cam a2200000 i 4500 | ||
|---|---|---|---|
| 001 | 1/34549 | ||
| 008 | 941103s1982 eng d | ||
| 020 | |a 0471058505 | ||
| 035 | |l 10039683 | ||
| 035 | |a 1987 | ||
| 040 | |a GR-MY-UA |b gre |e aacr | ||
| 041 | 0 | |a eng | |
| 082 | 0 | |a 519.536 | |
| 100 | 1 | |a Montgomery, Douglas C. | |
| 245 | 1 | 0 | |a Introduction to linear regression analysis / |c Douglas C. Montgomery, Elizabeth A. Peck |
| 260 | |a New York : |b Wiley, |c c1982 | ||
| 300 | |a xiii, 504 p.; |b ill.; |c 24 cm. | ||
| 490 | 1 | |a Wiley series in probability and mathematical statistics. Applied probability and statistics | |
| 500 | |a Includes indexes | ||
| 504 | |a Bibliography: p. 447-459 | ||
| 650 | 0 | 0 | |a Regression analysis. |
| 700 | 1 | |a Peck, Elizabeth A. |d 1953- | |
| 830 | 0 | |a Wiley series in probability and mathematical statistics. Applied probability and statistics | |
| 852 | |a INST |b SAMOS |e 19941103 |h 519.536 MON |p 005300000870 |q 005300000870 |t BK |y 0 | ||
| 909 | |a Σ |b 008322 | ||